Prácticas de enseñanza: proyectos curriculares y de investigación-acción

Gardado en:
Detalles Bibliográficos
Autor Principal: Sáenz Barrio, Oscar (Author)
Formato: Libro
Idioma:Lingua castelá
Publicado: Alcoy Marfil 1991
Subjects:
Tags: Engadir etiqueta
Sen Etiquetas, Sexa o primeiro en etiquetar este rexistro!

MARC

LEADER 00000nam a2200000 a 4500
001 UCM8728
003 CL-VaPUC
008 030328e19910000SP |||||||||||||||||spa|d
082 0 4 |a 375  |b SAE  |2 21 
100 0 |a Sáenz Barrio, Oscar  |e author  |9 474897 
245 1 0 |a Prácticas de enseñanza: proyectos curriculares y de investigación-acción 
300 |a 557 p 
942 |c BK 
945 |d 20030328 00:00:00  |a rbrito 
260 |a Alcoy  |b Marfil  |c 1991 
650 0 |a Currículo  |9 307290 
650 0 |a Análisis del currículo   |9 474898 
650 0 |a Métodos de enseñanza  |9 270413 
650 7 |a PRACTICA DE ENSEÑANZA  |2 CL-VaPUC  |9 474899 
650 0 |a Educación básica   |9 224933 
650 0 |a Formación profesional de profesores  |9 307493 
583 |a last modification  |c 20030328 00:00:00  |k Rodrigo Vera 
999 |c 303170  |d 303168 
952 |0 0  |1 0  |4 0  |6 375_000000000000000_SAE_1991  |7 0  |8 A  |9 364316  |a BIBTEO  |b BIBTEO  |d 2019-11-21  |i 3848213  |o 375 SAE 1991  |p 3848213  |r 2025-01-17  |w 2019-11-21  |y BK  |k ICR